Actually Romantic - Taylor Swift Lyrics - Statistics

General Stats
  • This quiz has been taken 31 times
  • The average score is 247 of 266
Answer Stats
Answer % Correct
a
100%
actually
100%
all
100%
but
100%
do
100%
ever
100%
got
100%
gotta
100%
hand
100%
has
100%
he
100%
heard
100%
I
100%
in
100%
it
100%
it's
100%
like
100%
loved
100%
man
100%
me
100%
no
100%
romantic
100%
said
100%
sweet
100%
the
100%
then
100%
to
100%
you
100%
your
100%
you're
100%
you've
100%
barbie
96%
boring
96%
call
96%
coke's
96%
effort
96%
ghosted
96%
glad
96%
honestly
96%
of
96%
on
96%
put
96%
really
96%
spent
96%
time
96%
we
96%
when
96%
wild
96%
and
92%
feels
92%
I'm
92%
keep
92%
my
92%
talking
92%
that
92%
at
88%
baby
88%
barking
88%
be
88%
brave
88%
chihuahua
88%
dirty
88%
ex
88%
flirting
88%
how
88%
long
88%
purse
88%
stop
88%
think
88%
with
88%
always
83%
'bout
83%
face
83%
from
83%
funny
83%
her
83%
making
83%
many
83%
see
83%
sending
83%
that's
83%
times
83%
tiny
83%
valentines
83%
why
83%
are
79%
hurts
79%
kind
79%
know
79%
mind
79%
much
79%
off
79%
some
79%
song
79%
tacky
79%
thought
79%
wet
79%
wrote
79%
fived
75%
high
75%
might
75%
nasty
75%
people
75%
provoke
75%
adorable
71%
business
71%
don't
71%
god's
71%
hadn't
71%
makes
71%
sick
71%
sounded
71%
toy
71%
witness
71%
'cause
67%
precious
67%
saying
67%
vicious
67%
ooh
58%
comes
54%
lovely
46%
offened
17%
boyfreind
13%
No matching quizzes found
Score Distribution
Percent of People with Each Score
Percentile by Number Answered
Your Score History
You have not taken this quiz